10 größte Städte Nigeria - Statistiken

Allgemein
  • Dieses Quiz wurde 17 mal gespielt
  • Das Durchschnittsergebnis liegt bei 5 aus 10
Antwortstatistiken
Einwohner Antwort % Korrekt
3.460.000 Abuja
94%
14.860.000 Lagos
94%
3.650.000 Ibadan
56%
4.100.000 Kano
56%
1.780.000 Benin City
44%
3.170.000 Port Harcourt
44%
1.110.000 Aba
25%
1.480.000 Onitsha
25%
1.130.000 Kaduna
19%
1.200.000 Uyo
13%
Keine übereinstimmenden Quizze gefunden
Verteilung der Resultate
Anzahl Personen mit jedem Resultat
Perzentil nach korrekt beantworteten Fragen
Ihre Resultats-Entwicklung
Sie haben dieses Quiz noch nicht gespielt